000 00524nam a2200169Ia 4500
999 _c110419
_d110419
003 OSt
005 20211229120635.0
008 171024s2009 xx 000 0 und d
040 _c.
100 _aChidambaram, P
245 4 _aThe Emerging Challenges To Civil Socitey
260 _aMumbai
_bNani A.Palkhivala memorial trust
_c2009
650 _aCivil society
856 _uhttp://opac.nls.ac.in:8081/xmlui/handle/123456789/1008
906 _bThe sixth Nani A. Palkhivala Memorial Lecture, 5 Oct.2009
942 _2ddc
_cREP